Information architecture for the world wide web (Record no. 233510)
[ view plain ]
| 000 -LEADER | |
|---|---|
| fixed length control field | 00468nam a2200169Ia 4500 |
| 005 - DATE AND TIME OF LATEST TRANSACTION | |
| control field | 20241206171836.0 |
| 008 - FIXED-LENGTH DATA ELEMENTS--GENERAL INFORMATION | |
| fixed length control field | 231221s9999 xx 000 0 und d |
| 020 ## - INTERNATIONAL STANDARD BOOK NUMBER | |
| International Standard Book Number | 9788184042917 |
| 082 ## - DEWEY DECIMAL CLASSIFICATION NUMBER | |
| Classification number | 001.64404 MOR;1 R |
| 100 ## - MAIN ENTRY--PERSONAL NAME | |
| Personal name | Morville, Peter. Rosenfeld, Louis. |
| 245 #0 - TITLE STATEMENT | |
| Title | Information architecture for the world wide web |
| 250 ## - EDITION STATEMENT | |
| Edition statement | 3rd ed. |
| 260 ## - PUBLICATION, DISTRIBUTION, ETC. (IMPRINT) | |
| Date of publication, distribution, etc. | 2007 |
| Name of publisher, distributor, etc. | O'Relly |
| Place of publication, distribution, etc. | Beijing |
| 300 ## - PHYSICAL DESCRIPTION | |
| Extent | xix, 504 |
| 650 ## - SUBJECT ADDED ENTRY--TOPICAL TERM | |
| Topical term or geographic name as entry element | Information,architecture |
| 942 ## - ADDED ENTRY ELEMENTS (KOHA) | |
| Koha item type | Arch Books |
| Date last seen | Total Checkouts | Full call number | Accession number | Old discount | Cost, replacement price | Price effective from | Category | Lost status | Source of classification or shelving scheme | Damaged status | Department | Withdrawn status | bill no. | Permanent Location | Current Location | Shelving location | Entry date | Vendor | Cost, normal purchase price | Grants | Currency symbol | Conversion rate | Discount | Discount type |
|---|---|---|---|---|---|---|---|---|---|---|---|---|---|---|---|---|---|---|---|---|---|---|---|---|
| 26/01/2024 | 001.64404 MOR;1 R | AR865 | 20 | 780.00 | 26/01/2024 | Arch Books | Dewey Decimal Classification | 522 | Architecture Library | Architecture Library | ARCH | 11/09/2017 | Surya Book Supplier | 975.00 | ARCH | RS | 1 | 195 | Rupees |
